[Event "Titled Tuesday intern op 06th Apr"]
[Site "Chess.com INT"]
[Date "2021.04.06"]
[Round "9"]
[White "Grieve, Harry"]
[Black "Zulfugarli, Magomed"]
[Result "0-1"]
[WhiteElo "2351"]
[BlackElo "2426"]
[PlyCount "42"]
[EventDate "2021.04.06"]
[EventType "swiss (blitz)"]
[EventRounds "11"]
[EventCountry "USA"]
[SourceTitle "CBM 201 Extra"]
[Source "ChessBase"]
[SourceDate "2021.05.31"]
[SourceVersion "1"]
[SourceVersionDate "2021.05.31"]
[SourceQuality "1"]

1. e4 e5 2. Nf3 d6 3. d4 Nd7 4. Bc4 c6 5. 0-0 Be7 6. a4 Ngf6 7. Re1 0-0 8. a5 Nxe4 9. dxe5 d5 10. Bf1 f6 11. Nbd2 Nxf2 12. Kxf2 Bc5+ 13. Ke2 fxe5 14. Nb3 e4 15. Nfd4 Ne5 16. h3 Bb4 17. Bd2 Qh4 18. Be3 Bg4+ 19. hxg4 Qxg4+ 20. Nf3 exf3+ 21. gxf3 Qxf3# 0-1

[Event "Titled Tuesday intern op 06th Apr"]
[Site "Chess.com INT"]
[Date "2021.04.06"]
[Round "11"]
[White "Zulfugarli, Magomed"]
[Black "Ostrovskiy, Aleksandr A"]
[Result "0-1"]
[WhiteElo "2426"]
[BlackElo "2422"]
[PlyCount "122"]
[EventDate "2021.04.06"]
[EventType "swiss (blitz)"]
[EventRounds "11"]
[EventCountry "USA"]
[SourceTitle "CBM 201 Extra"]
[Source "ChessBase"]
[SourceDate "2021.05.31"]
[SourceVersion "1"]
[SourceVersionDate "2021.05.31"]
[SourceQuality "1"]

1. e4 d5 2. exd5 Nf6 3. g3 Qxd5 4. Nf3 Bg4 5. Bg2 Qe6+ 6. Kf1 Nc6 7. h3 Bh5 8. d4 0-0-0 9. c3 Qc4+ 10. Kg1 e5 11. Nbd2 Qd3 12. g4 Bg6 13. Bf1 Qc2 14. Qxc2 Bxc2 15. dxe5 Ne4 16. Nxe4 Bxe4 17. Bg2 Bxf3 18. Bxf3 Nxe5 19. Be2 Bc5 20. Kg2 Rhe8 21. b4 Bb6 22. a4 a5 23. Ra2 Nd3 24. Rd1 Nxc1 25. Rxc1 Re4 26. Bf3 Rf4 27. bxa5 Bxa5 28. c4 Rd3 29. Be2 Rb3 30. c5 c6 31. Rc4 Rb4 32. Rxf4 Rxf4 33. Kg3 g5 34. Bd3 h6 35. Bf5+ Kd8 36. Ra3 Rd4 37. Rb3 Bb4 38. Rd3 Rxd3+ 39. Bxd3 Bxc5 40. Kf3 Ke7 41. Ke2 Kd6 42. f3 Ke5 43. Bc4 f6 44. a5 Bb4 45. a6 bxa6 46. Bxa6 Kf4 47. Bb7 c5 48. Kd3 Kg3 49. Kc4 Kxh3 50. Bc6 Kg3 51. Be4 Kh4 52. Bg6 Kg3 53. Be4 Kf4 54. Bd5 f5 55. gxf5 Kxf5 56. Be4+ Kf4 57. Bc6 h5 58. Kd3 h4 59. Ke2 c4 60. Be4 h3 61. Kf2 g4 0-1

[Event "Titled Tuesday intern op 30th Mar"]
[Site "Chess.com INT"]
[Date "2021.03.30"]
[Round "7"]
[White "Zulfugarli, Magomed"]
[Black "Mortazavi, Ali"]
[Result "0-1"]
[WhiteElo "2426"]
[BlackElo "2333"]
[PlyCount "76"]
[EventDate "2021.03.30"]
[EventType "swiss (blitz)"]
[EventRounds "11"]
[EventCountry "USA"]
[SourceTitle "CBM 201 Extra"]
[Source "ChessBase"]
[SourceDate "2021.05.31"]
[SourceVersion "1"]
[SourceVersionDate "2021.05.31"]
[SourceQuality "1"]

1. e4 c6 2. d4 d5 3. Nc3 dxe4 4. Nxe4 Nf6 5. Ng3 h5 6. h4 Bg4 7. Be2 Bxe2 8. N1xe2 g6 9. Bg5 Bg7 10. 0-0 0-0 11. Qd2 Nbd7 12. Bh6 Bxh6 13. Qxh6 Ng4 14. Qg5 e6 15. Nf4 Qf6 16. Rae1 Rfe8 17. Ngxh5 Qxg5 18. hxg5 gxh5 19. f3 e5 20. Nxh5 exd4 21. fxg4 Re3 22. Rxe3 dxe3 23. Nf6+ Nxf6 24. gxf6 Rd8 25. Re1 Rd2 26. Rxe3 Rxc2 27. Rb3 b5 28. Kh2 Kh7 29. a4 a6 30. axb5 axb5 31. Rc3 Rxc3 32. bxc3 c5 33. Kg3 b4 34. cxb4 cxb4 35. Kf4 b3 36. Ke5 b2 37. Kd6 Kg6 38. Ke7 b1Q 0-1

[Event "Titled Tuesday intern op 30th Mar"]
[Site "Chess.com INT"]
[Date "2021.03.30"]
[Round "5"]
[White "Zulfugarli, Magomed"]
[Black "Zubov, Alexander"]
[Result "1/2-1/2"]
[WhiteElo "2426"]
[BlackElo "2598"]
[PlyCount "54"]
[EventDate "2021.03.30"]
[EventType "swiss (blitz)"]
[EventRounds "11"]
[EventCountry "USA"]
[SourceTitle "CBM 201 Extra"]
[Source "ChessBase"]
[SourceDate "2021.05.31"]
[SourceVersion "1"]
[SourceVersionDate "2021.05.31"]
[SourceQuality "1"]

1. e4 c5 2. c3 Nf6 3. e5 Nd5 4. Bc4 e6 5. Nf3 d6 6. exd6 Bxd6 7. d4 0-0 8. dxc5 Bxc5 9. 0-0 Nf6 10. Qe2 Qc7 11. Bg5 Nbd7 12. Nbd2 b6 13. Rfe1 Bb7 14. Bb3 Rac8 15. Bc2 Be7 16. Bh4 Qc6 17. Ne4 Rfe8 18. Rad1 h6 19. Nd4 Qc4 20. Bd3 Qd5 21. Nb5 Nxe4 22. Bxe4 Qxe4 23. Qxe4 Bxe4 24. Rxd7 Bc6 25. Rxe7 Rxe7 26. Bxe7 Bxb5 27. Rd1 f6 1/2-1/2

[Event "Dubai op 5th"]
[Site "Dubai"]
[Date "2003.04.25"]
[Round "5"]
[White "Zulfugarli, Magomed"]
[Black "Roghani, Arash"]
[Result "0-1"]
[WhiteElo "2434"]
[BlackElo "2302"]
[PlyCount "108"]
[EventDate "2003.04.20"]
[EventType "swiss"]
[EventRounds "9"]
[EventCountry "UAE"]
[SourceTitle "CBM 093 Extra"]
[Source "ChessBase"]
[SourceDate "2003.05.09"]
[SourceVersion "1"]
[SourceVersionDate "2003.05.09"]
[SourceQuality "1"]

1. e4 e6 2. d4 d5 3. Nc3 Nf6 4. e5 Nfd7 5. f4 c5 6. Nf3 Nc6 7. Be3 cxd4 8. Nxd4 Bc5 9. Qd2 0-0 10. 0-0-0 Nxd4 11. Bxd4 a6 12. Qf2 Qc7 13. Bd3 f6 14. exf6 Rxf6 15. g3 b6 16. Rhe1 Bb7 17. Qe3 Re8 18. Bxa6 Bxa6 19. Nxd5 Qa7 20. Nxf6+ Nxf6 21. Qb3 Bc8 22. Bxc5 bxc5 23. Rd6 Kh8 24. a3 Qe7 25. Qb6 c4 26. Rc6 c3 27. Qc5 cxb2+ 28. Kxb2 Qb7+ 29. Qb6 Qd7 30. Rd6 Qe7 31. h3 h6 32. a4 Bd7 33. a5 Qf8 34. a6 Nd5 35. Qc5 Rc8 36. Qa3 Rc3 37. Qxc3 Nxc3 38. Rxd7 Qb4+ 39. Kc1 Qa3+ 40. Kd2 Qxa6 41. Rd3 Nd5 42. Re5 Qc6 43. f5 Nc7 44. fxe6 Nxe6 45. h4 Kh7 46. Rdd5 Nf8 47. h5 Nd7 48. Rxd7 Qxd7+ 49. Ke3 Qc7 50. Kf4 Qxc2 51. Rf5 Qf2+ 52. Kg4 Qe2+ 53. Kf4 g5+ 54. hxg6+ Kxg6 0-1

[Event "Moscow Aeroflot op"]
[Site "Moscow"]
[Date "2002.02.07"]
[Round "4"]
[White "Iskusnyh, Sergei"]
[Black "Zulfugarli, Magomed"]
[Result "1/2-1/2"]
[WhiteElo "2514"]
[BlackElo "2430"]
[PlyCount "108"]
[EventDate "2002.02.04"]
[EventType "swiss"]
[EventRounds "9"]
[EventCountry "RUS"]
[SourceTitle "CBM 088"]
[Source "ChessBase"]
[SourceDate "2002.03.21"]
[SourceVersion "1"]
[SourceVersionDate "2002.03.21"]
[SourceQuality "1"]

1. c4 Nf6 2. Nc3 g6 3. e4 d6 4. d4 Bg7 5. Be2 0-0 6. Nf3 e5 7. Be3 Ng4 8. Bg5 f6 9. Bc1 Nc6 10. d5 Ne7 11. h3 Nh6 12. h4 f5 13. Ng5 f4 14. g4 Kh8 15. Ne6 Bxe6 16. dxe6 Nc6 17. g5 Ng8 18. Bg4 Nd4 19. Ne2 Qe7 20. Nxd4 exd4 21. Qf3 Rae8 22. Bd2 h5 23. gxh6 Nxh6 24. Bh3 b5 25. cxb5 Rb8 26. a4 a6 27. 0-0-0 axb5 28. a5 b4 29. Rdg1 Qe8 30. b3 c5 31. Kb1 Ra8 32. Bc1 Rxa5 33. Bb2 c4 34. e7 Qxe7 35. bxc4 Qe8 36. Rg5 Ra7 37. h5 Qa4 38. Qd3 Qa2+ 39. Kc1 Ra3 40. Qc2 d3 41. Bxg7+ Kxg7 42. Rxg6+ Kh7 43. Qxa2 Rxa2 44. Rhg1 d2+ 45. Kd1 b3 46. Rg7+ Kh8 47. R7g6 Ng8 48. Be6 b2 49. Rxg8+ Rxg8 50. Rxg8+ Kh7 51. Rb8 Ra1+ 52. Kxd2 b1Q 53. Rxb1 Rxb1 54. e5 Rb6 1/2-1/2

[Event "Moscow Aeroflot op"]
[Site "Moscow"]
[Date "2002.02.05"]
[Round "2"]
[White "Shariyazdanov, Andrey"]
[Black "Zulfugarli, Magomed"]
[Result "1/2-1/2"]
[WhiteElo "2532"]
[BlackElo "2430"]
[PlyCount "64"]
[EventDate "2002.02.04"]
[EventType "swiss"]
[EventRounds "9"]
[EventCountry "RUS"]
[SourceTitle "CBM 088"]
[Source "ChessBase"]
[SourceDate "2002.03.21"]
[SourceVersion "1"]
[SourceVersionDate "2002.03.21"]
[SourceQuality "1"]

1. d4 Nf6 2. c4 g6 3. Nc3 Bg7 4. e4 0-0 5. Nf3 d6 6. Be2 e5 7. 0-0 Nc6 8. d5 Ne7 9. Ne1 Nd7 10. Nd3 f5 11. Bd2 c5 12. Rb1 Kh8 13. f3 b6 14. b4 Ng8 15. bxc5 bxc5 16. Nf2 Bh6 17. exf5 Bxd2 18. Qxd2 gxf5 19. f4 Ba6 20. Nfd1 Qa5 21. Ne3 Rae8 22. Bd3 Nh6 23. Rbe1 Qd8 24. Ne2 Bc8 25. Ng3 exf4 26. Rxf4 Qg5 27. Ref1 Ne5 28. Nd1 Rg8 29. Qb2 Qg7 30. Nh5 Qg5 31. Ng3 Qg7 32. Nh5 Qg5 1/2-1/2

[Event "Tbilisi Nona 60"]
[Site "Tbilisi"]
[Date "2001.05.18"]
[Round "12"]
[White "Yegiazarian, Arsen"]
[Black "Zulfugarli, Magomed"]
[Result "1/2-1/2"]
[WhiteElo "2529"]
[BlackElo "2496"]
[PlyCount "22"]
[EventDate "2001.05.??"]
[EventType "tourn"]
[EventRounds "13"]
[EventCountry "GEO"]
[EventCategory "9"]
[SourceTitle "EXT 2004"]
[Source "ChessBase"]
[SourceDate "2003.11.25"]
[SourceVersion "1"]
[SourceVersionDate "2003.11.25"]
[SourceQuality "1"]

1. e4 e5 2. Nf3 Nc6 3. Bb5 a6 4. Bxc6 dxc6 5. 0-0 f6 6. d4 exd4 7. Nxd4 c5 8. Nb3 Qxd1 9. Rxd1 Bg4 10. f3 Be6 11. Bf4 c4 1/2-1/2

[Event "Tbilisi Nona 60"]
[Site "Tbilisi"]
[Date "2001.05.17"]
[Round "11"]
[White "Zulfugarli, Magomed"]
[Black "Gelashvili, Tamaz"]
[Result "1/2-1/2"]
[WhiteElo "2496"]
[BlackElo "2530"]
[PlyCount "109"]
[EventDate "2001.05.??"]
[EventType "tourn"]
[EventRounds "13"]
[EventCountry "GEO"]
[EventCategory "9"]
[SourceTitle "EXT 2004"]
[Source "ChessBase"]
[SourceDate "2003.11.25"]
[SourceVersion "1"]
[SourceVersionDate "2003.11.25"]
[SourceQuality "1"]

1. e4 d6 2. d4 Nf6 3. Nc3 Nbd7 4. Nf3 e5 5. Bc4 Be7 6. 0-0 0-0 7. Re1 c6 8. a4 Qc7 9. Ba2 b6 10. h3 a6 11. dxe5 dxe5 12. Nh4 Bb4 13. Bg5 h6 14. Bd2 Nc5 15. Qf3 Nh7 16. Qg3 Kh8 17. Nb1 Bxd2 18. Nxd2 Ng5 19. a5 b5 20. Ndf3 Nxf3+ 21. Nxf3 Re8 22. b4 Nb7 23. c4 bxc4 24. Bxc4 f6 25. Rad1 Nd6 26. Qg6 Bd7 27. Ng5 fxg5 28. Rxd6 c5 29. Red1 Re7 30. bxc5 Rf8 31. c6 Be8 32. Rd8 Qa7 33. Qd6 g4 34. Qd2 g3 35. Rf1 Kh7 36. Bd5 Rf6 37. Qa2 Bxc6 38. Bxc6 Rxc6 39. Rf8 Qd4 40. Qg8+ Kg6 41. Rf3 Rc3 42. Rxc3 Qxc3 43. fxg3 Qxa5 44. Kh2 Qb6 45. h4 Qe6 46. Qh8 Rf7 47. Rd1 Qf6 48. Rd8 Qe6 49. Ra8 Qc6 50. Qg8 Qe6 51. Ra7 Re7 52. h5+ Kxh5 53. Qxe6 Rxe6 54. Rxg7 Rg6 55. Re7 1/2-1/2

[Event "Tbilisi Nona 60"]
[Site "Tbilisi"]
[Date "2001.05.15"]
[Round "9"]
[White "Zulfugarli, Magomed"]
[Black "Sargissian, Gabriel"]
[Result "0-1"]
[WhiteElo "2496"]
[BlackElo "2520"]
[PlyCount "108"]
[EventDate "2001.05.??"]
[EventType "tourn"]
[EventRounds "13"]
[EventCountry "GEO"]
[EventCategory "9"]
[SourceTitle "EXT 2004"]
[Source "ChessBase"]
[SourceDate "2003.11.25"]
[SourceVersion "1"]
[SourceVersionDate "2003.11.25"]
[SourceQuality "1"]

1. e4 c6 2. d4 d5 3. Nc3 dxe4 4. Nxe4 Nd7 5. Ng5 Ngf6 6. Bd3 e6 7. N1f3 Bd6 8. Qe2 h6 9. Ne4 Nxe4 10. Qxe4 Qc7 11. Qg4 Kf8 12. 0-0 c5 13. Bd2 e5 14. dxc5 Nxc5 15. Bf5 h5 16. Qh3 Ne4 17. Rad1 g6 18. Bxc8 Rxc8 19. Be3 Kg7 20. c3 Rhe8 21. Qh4 f5 22. Ng5 Qe7 23. g3 Nf6 24. Qa4 a6 25. Qb3 Bb8 26. Rd3 Ng4 27. Rfd1 Nxe3 28. Rd7 Nxd1 29. Qxd1 Kf6 30. Rxe7 Rxe7 31. h4 Rce8 32. Qd5 e4 33. Kg2 Kg7 34. a4 f4 35. gxf4 Bxf4 36. Qd4+ Be5 37. Qc5 Bf6 38. b4 e3 39. fxe3 Rxe3 40. Qd5 R8e7 41. c4 R3e5 42. Qd6 Bxg5 43. hxg5 Rxg5+ 44. Kh3 Re3+ 45. Kh2 Re4 46. Kh3 h4 47. Qd7+ Kh6 48. Qd8 Rg3+ 49. Kh2 Re2+ 50. Kh1 Kh5 51. Qd4 g5 52. c5 Rge3 53. b5 axb5 54. axb5 g4 0-1

[Event "Tbilisi Nona 60"]
[Site "Tbilisi"]
[Date "2001.05.13"]
[Round "7"]
[White "Mchedlishvili, Mikheil"]
[Black "Zulfugarli, Magomed"]
[Result "1-0"]
[WhiteElo "2416"]
[BlackElo "2496"]
[PlyCount "65"]
[EventDate "2001.05.??"]
[EventType "tourn"]
[EventRounds "13"]
[EventCountry "GEO"]
[EventCategory "9"]
[SourceTitle "EXT 2004"]
[Source "ChessBase"]
[SourceDate "2003.11.25"]
[SourceVersion "1"]
[SourceVersionDate "2003.11.25"]
[SourceQuality "1"]

1. d4 Nf6 2. c4 g6 3. g3 Bg7 4. Bg2 0-0 5. Nc3 d6 6. Nf3 a6 7. 0-0 Nc6 8. d5 Na5 9. Nd2 c5 10. Qc2 Rb8 11. b3 b5 12. Rb1 Bf5 13. e4 Bd7 14. Bb2 h5 15. Nd1 e5 16. Bc3 h4 17. Ne3 Bh6 18. Qd3 b4 19. Bb2 Nh5 20. Qe2 f6 21. Nf3 h3 22. Bh1 Qe8 23. Rbe1 Nb7 24. Nh4 Bg5 25. Nf3 Qf7 26. Nxg5 fxg5 27. Ng4 Qe7 28. Bf3 Kh7 29. Nxe5 dxe5 30. Bxh5 Qd6 31. Bg4 Rbe8 32. Bc1 Kh6 33. Qe3 1-0

[Event "Tbilisi Nona 60"]
[Site "Tbilisi"]
[Date "2001.05.10"]
[Round "4"]
[White "Zulfugarli, Magomed"]
[Black "Mamedyarov, Shakhriyar"]
[Result "1/2-1/2"]
[WhiteElo "2496"]
[BlackElo "2479"]
[PlyCount "45"]
[EventDate "2001.05.??"]
[EventType "tourn"]
[EventRounds "13"]
[EventCountry "GEO"]
[EventCategory "9"]
[SourceTitle "EXT 2004"]
[Source "ChessBase"]
[SourceDate "2003.11.25"]
[SourceVersion "1"]
[SourceVersionDate "2003.11.25"]
[SourceQuality "1"]

1. e4 e5 2. Nf3 Nf6 3. d4 Nxe4 4. Bd3 d5 5. Nxe5 Nd7 6. Nc3 Nxe5 7. dxe5 Nxc3 8. bxc3 Be7 9. 0-0 0-0 10. Qh5 g6 11. Qf3 Be6 12. Rb1 b6 13. Bh6 Re8 14. Bb5 Bd7 15. Qxd5 Bxb5 16. Qxb5 Bc5 17. Bf4 Qd5 18. Qb3 Qe4 19. Bg3 Rad8 20. Rfe1 Qf5 21. Rbd1 h5 22. Qa4 h4 23. Bxh4 1/2-1/2

[Event "Tbilisi Nona 60"]
[Site "Tbilisi"]
[Date "2001.05.08"]
[Round "3"]
[White "Bagaturov, Giorgi"]
[Black "Zulfugarli, Magomed"]
[Result "1/2-1/2"]
[WhiteElo "2519"]
[BlackElo "2496"]
[PlyCount "49"]
[EventDate "2001.05.??"]
[EventType "tourn"]
[EventRounds "13"]
[EventCountry "GEO"]
[EventCategory "9"]
[SourceTitle "EXT 2004"]
[Source "ChessBase"]
[SourceDate "2003.11.25"]
[SourceVersion "1"]
[SourceVersionDate "2003.11.25"]
[SourceQuality "1"]

1. d4 Nf6 2. c4 g6 3. Nf3 Bg7 4. g3 0-0 5. Bg2 d6 6. Nc3 Nc6 7. 0-0 a6 8. d5 Na5 9. Nd2 c5 10. Qc2 Rb8 11. b3 b5 12. Bb2 bxc4 13. bxc4 Bh6 14. Ncb1 Bg7 15. Bc3 Bd7 16. Na3 Rb4 17. Rab1 Ra4 18. Qc1 h5 19. e3 Qc8 20. Re1 Bh3 21. Bh1 h4 22. Bb2 Rb4 23. Bc3 Ra4 24. Bb2 Rb4 25. Bc3 1/2-1/2

[Event "Linares Anibal op 08th"]
[Site "Linares"]
[Date "2001.01.12"]
[Round "5"]
[White "Zhang, Zhong"]
[Black "Zulfugarli, Magomed"]
[Result "1/2-1/2"]
[WhiteElo "2607"]
[BlackElo "2496"]
[PlyCount "97"]
[EventDate "2001.01.08"]
[EventType "swiss"]
[EventRounds "11"]
[EventCountry "ESP"]
[SourceTitle "CBM 081"]
[Source "ChessBase"]
[SourceDate "2001.03.20"]
[SourceVersion "1"]
[SourceVersionDate "2001.03.20"]
[SourceQuality "1"]

1. e4 c5 2. Nf3 d6 3. d4 cxd4 4. Nxd4 Nf6 5. Nc3 a6 6. g3 e5 7. Nde2 Be7 8. Bg2 Be6 9. h3 Nbd7 10. g4 Rc8 11. 0-0 Bc4 12. Re1 Nf8 13. Ng3 Ne6 14. Nd5 g6 15. Nxe7 Qxe7 16. Bh6 Bb5 17. Qd2 Ng8 18. Be3 Nf6 19. Rad1 Rd8 20. Bf3 0-0 21. Bh6 Rfe8 22. Kh2 Kh8 23. Bg2 Bc6 24. c4 Rg8 25. Be3 Rge8 26. Bb6 Rd7 27. Qe3 Rc8 28. b3 Ne8 29. Ne2 N8g7 30. Bh1 Rf8 31. f4 exf4 32. Nxf4 Nxf4 33. Qxf4 Qe5 34. Qxe5 dxe5 35. Rxd7 Bxd7 36. Rd1 Bc6 37. Kg3 Ne6 38. h4 f6 39. Rd6 Re8 40. Bf3 Kg7 41. Kf2 Kf7 42. Ke3 Re7 43. Ba5 Rd7 44. Bb4 Nf4 45. Rxd7+ Bxd7 46. Bd6 h5 47. gxh5 Nxh5 48. b4 Nf4 49. a3 1/2-1/2

[Event "Linares Anibal op 08th"]
[Site "Linares"]
[Date "2001.01.11"]
[Round "4"]
[White "Zulfugarli, Magomed"]
[Black "Epishin, Vladimir"]
[Result "1-0"]
[WhiteElo "2496"]
[BlackElo "2578"]
[PlyCount "95"]
[EventDate "2001.01.08"]
[EventType "swiss"]
[EventRounds "11"]
[EventCountry "ESP"]
[SourceTitle "CBM 081"]
[Source "ChessBase"]
[SourceDate "2001.03.20"]
[SourceVersion "1"]
[SourceVersionDate "2001.03.20"]
[SourceQuality "1"]

1. e4 c5 2. Nf3 e6 3. d4 cxd4 4. Nxd4 a6 5. Bd3 Bc5 6. Nb3 Be7 7. Nc3 d6 8. 0-0 Nf6 9. f4 Nbd7 10. a4 0-0 11. Be3 b6 12. g4 Nc5 13. g5 Ne8 14. Nd4 Bd7 15. Qd2 Nxd3 16. cxd3 d5 17. e5 Bc5 18. Rf3 f6 19. gxf6 gxf6 20. Rg3+ Kh8 21. Nce2 Qe7 22. Nc2 a5 23. d4 Bb4 24. Nxb4 axb4 25. f5 Ng7 26. exf6 Rxf6 27. Bg5 Nxf5 28. Qf4 Raf8 29. Rg2 h6 30. Bxf6+ Rxf6 31. b3 Bc8 32. Rd1 Ba6 33. Ng3 Nh4 34. Qxf6+ Qxf6 35. Rf2 Nf3+ 36. Kh1 Kh7 37. Ne2 Qf5 38. Kg2 Bd3 39. Rxf3 Bxe2 40. Rxf5 Bxd1 41. Rf6 Bxb3 42. Rxe6 Bxa4 43. Rxb6 Bc2 44. Kg3 b3 45. Kf4 Kg7 46. Ke5 Kf7 47. Kxd5 Ke7 48. Kc6 1-0

[Event "Linares Anibal op 08th"]
[Site "Linares"]
[Date "2001.01.10"]
[Round "3"]
[White "Zulfugarli, Magomed"]
[Black "Sakaev, Konstantin"]
[Result "1-0"]
[WhiteElo "2496"]
[BlackElo "2639"]
[PlyCount "69"]
[EventDate "2001.01.08"]
[EventType "swiss"]
[EventRounds "11"]
[EventCountry "ESP"]
[SourceTitle "CBM 081"]
[Source "ChessBase"]
[SourceDate "2001.03.20"]
[SourceVersion "1"]
[SourceVersionDate "2001.03.20"]
[SourceQuality "1"]

1. e4 e5 2. Nf3 Nc6 3. Bb5 Nf6 4. 0-0 Nxe4 5. d4 Nd6 6. Bxc6 dxc6 7. dxe5 Nf5 8. Qxd8+ Kxd8 9. Rd1+ Ke8 10. Nc3 h6 11. h3 a6 12. Ne2 Ne7 13. Ng3 c5 14. b3 Be6 15. Bb2 Rd8 16. Nh5 Rxd1+ 17. Rxd1 Nd5 18. Ne1 g6 19. c4 gxh5 20. cxd5 Bf5 21. h4 Rg8 22. g3 Rg4 23. Ng2 Re4 24. Nf4 Bg4 25. Rc1 Bf3 26. Kf1 Rb4 27. Rc3 Be4 28. f3 Bb1 29. a3 Rb6 30. Bc1 Ba2 31. b4 cxb4 32. Rxc7 bxa3 33. d6 Rc6 34. Bxa3 Bg7 35. e6 1-0

[Event "Baku EU qual"]
[Site "Baku"]
[Date "2001.??.??"]
[Round "4"]
[White "Zulfugarli, Magomed"]
[Black "Babaev, Rashad"]
[Result "1/2-1/2"]
[WhiteElo "2496"]
[BlackElo "2334"]
[PlyCount "76"]
[EventDate "2001.??.??"]
[EventType "tourn"]
[EventRounds "10"]
[EventCountry "AZE"]
[EventCategory "6"]
[SourceTitle "EXT 2002"]
[Source "ChessBase"]
[SourceDate "2001.11.25"]
[SourceVersion "1"]
[SourceVersionDate "2001.11.25"]
[SourceQuality "1"]

1. e4 c5 2. Nf3 d6 3. d4 cxd4 4. Nxd4 Nf6 5. Nc3 Nc6 6. Bg5 e6 7. Qd2 a6 8. 0-0-0 h6 9. Be3 Be7 10. f3 Nxd4 11. Qxd4 b5 12. g4 Bb7 13. Kb1 Rc8 14. Rg1 d5 15. e5 Nd7 16. f4 Qc7 17. Qd2 Nc5 18. Ne2 Ne4 19. Qc1 b4 20. Nd4 Bc5 21. Bd3 g5 22. Nb3 Bf8 23. f5 Bg7 24. f6 Bf8 25. Bd4 a5 26. Qe3 a4 27. Bb6 Qxe5 28. Bd4 Qc7 29. Nd2 Nc5 30. Nf3 Bd6 31. Ne5 Nxd3 32. cxd3 Bxe5 33. Bxe5 Qc5 34. Qxc5 Rxc5 35. Rc1 Rc6 36. Rxc6 Bxc6 37. h4 d4 38. Rc1 Kd7 1/2-1/2

[Event "AZE-ch"]
[Site "Baku"]
[Date "2001.??.??"]
[Round "?"]
[White "Zulfugarli, Magomed"]
[Black "Gashimov, Vugar"]
[Result "0-1"]
[WhiteElo "2496"]
[BlackElo "2400"]
[PlyCount "52"]
[EventDate "2001.??.??"]
[EventType "tourn"]
[EventRounds "11"]
[EventCountry "AZE"]
[SourceTitle "EXT 2003"]
[Source "ChessBase"]
[SourceDate "2002.11.25"]
[SourceVersion "1"]
[SourceVersionDate "2002.11.25"]
[SourceQuality "1"]

1. e4 c5 2. Nc3 Nc6 3. f4 g6 4. Nf3 Bg7 5. g3 e6 6. Bg2 d6 7. 0-0 Nge7 8. b3 0-0 9. Bb2 Rb8 10. Rb1 b5 11. Ne2 Bxb2 12. Rxb2 e5 13. c3 b4 14. Qc1 f6 15. Kh1 Kg7 16. c4 a5 17. Neg1 a4 18. d3 Ra8 19. Bh3 axb3 20. axb3 Ra3 21. Kg2 Qa5 22. Qd2 Bxh3+ 23. Nxh3 Ra8 24. Rf2 Qd8 25. Nhg1 Na5 26. Qc2 Qd7 0-1

[Event "Baku EU qual"]
[Site "Baku"]
[Date "2001.??.??"]
[Round "6"]
[White "Zulfugarli, Magomed"]
[Black "Mamedov, Nidjat"]
[Result "1/2-1/2"]
[WhiteElo "2496"]
[BlackElo "2392"]
[PlyCount "74"]
[EventDate "2001.??.??"]
[EventType "tourn"]
[EventRounds "10"]
[EventCountry "AZE"]
[EventCategory "6"]
[SourceTitle "EXT 2002"]
[Source "ChessBase"]
[SourceDate "2001.11.25"]
[SourceVersion "1"]
[SourceVersionDate "2001.11.25"]
[SourceQuality "1"]

1. e4 c5 2. Nf3 d6 3. d4 cxd4 4. Nxd4 Nf6 5. Nc3 a6 6. Bg5 e6 7. f4 Qb6 8. Qd2 Nc6 9. Bxf6 gxf6 10. Nb3 Be7 11. 0-0-0 0-0 12. g3 Qc7 13. Kb1 b5 14. Qe3 b4 15. Ne2 Bd7 16. Ned4 Rfc8 17. Nxc6 Qxc6 18. Bd3 Qc7 19. e5 dxe5 20. Rhe1 Bb5 21. fxe5 Bxd3 22. cxd3 Qxe5 23. Qxe5 fxe5 24. Rxe5 Rd8 25. Na5 Rac8 26. Ree1 Rd5 27. Nc4 Rcd8 28. Kc2 Bf6 29. Re3 Bd4 30. Rf3 f6 31. Kb3 a5 32. Ka4 Kf7 33. Re1 h5 34. Re4 f5 35. Re1 Kf6 36. Ref1 Kg6 37. Re1 Kf6 1/2-1/2

[Event "Olympiad-34"]
[Site "Istanbul"]
[Date "2000.11.12"]
[Round "14.1"]
[White "Kotsur, Pavel"]
[Black "Zulfugarli, Magomed"]
[Result "0-1"]
[WhiteElo "2589"]
[BlackElo "2510"]
[PlyCount "102"]
[EventDate "2000.10.28"]
[EventType "team-swiss"]
[EventRounds "14"]
[EventCountry "TUR"]
[SourceTitle "EXT 2001"]
[Source "ChessBase"]
[SourceDate "2000.11.22"]
[SourceVersion "1"]
[SourceVersionDate "2000.11.22"]
[SourceQuality "1"]
[WhiteTeam "Kazakhstan"]
[BlackTeam "Azerbaijan"]
[WhiteTeamCountry "KAZ"]
[BlackTeamCountry "AZE"]

1. e4 e5 2. Nf3 Nf6 3. d4 Nxe4 4. dxe5 d5 5. Nbd2 Nxd2 6. Bxd2 Be7 7. Bd3 Bg4 8. h3 Bh5 9. 0-0 0-0 10. Re1 Nd7 11. c3 Nc5 12. Bc2 Ne6 13. Bf5 c6 14. g4 Bg6 15. Qc2 Bg5 16. Rad1 Bxd2 17. Qxd2 Qe7 18. Kh2 Rae8 19. Qe3 Kh8 20. Nd4 Rd8 21. Qg3 a6 22. h4 c5 23. Nf3 h6 24. Nd2 b5 25. f4 c4 26. Nf3 Nc5 27. Nd4 Qc7 28. h5 Bh7 29. g5 Ne4 30. Rxe4 dxe4 31. Bxh7 Kxh7 32. Rg1 Rg8 33. g6+ fxg6 34. Qxg6+ Kh8 35. Qxe4 b4 36. Rg6 bxc3 37. bxc3 Rb8 38. f5 Rb2+ 39. Kh3 Qa5 40. Qe3 Re8 41. e6 Qd5 42. Rg1 Rxa2 43. Qg3 Re7 44. Rb1 Re8 45. Qg6 Rg8 46. Re1 Qd6 47. Qg3 Qe7 48. Nc6 Qf6 49. Qf3 g6 50. hxg6 Rxg6 51. e7 Rh2+ 0-1

[Event "Olympiad-34"]
[Site "Istanbul"]
[Date "2000.11.05"]
[Round "8.1"]
[White "Azmaiparashvili, Zurab"]
[Black "Zulfugarli, Magomed"]
[Result "1-0"]
[WhiteElo "2673"]
[BlackElo "2510"]
[PlyCount "67"]
[EventDate "2000.10.28"]
[EventType "team-swiss"]
[EventRounds "14"]
[EventCountry "TUR"]
[SourceTitle "EXT 2001"]
[Source "ChessBase"]
[SourceDate "2000.11.22"]
[SourceVersion "1"]
[SourceVersionDate "2000.11.22"]
[SourceQuality "1"]
[WhiteTeam "Georgia"]
[BlackTeam "Azerbaijan"]
[WhiteTeamCountry "GEO"]
[BlackTeamCountry "AZE"]

1. g3 d5 2. Bg2 c6 3. Nf3 Bg4 4. c4 e6 5. 0-0 Nf6 6. Qb3 Qb6 7. Qc2 Nbd7 8. d3 Bd6 9. Nc3 0-0 10. e4 dxe4 11. dxe4 e5 12. Na4 Qc7 13. c5 Be7 14. Be3 Bxf3 15. Bxf3 b5 16. cxb6 axb6 17. Rfc1 b5 18. Nc3 Qb7 19. a4 Bc5 20. Bxc5 Nxc5 21. Nxb5 cxb5 22. Qxc5 bxa4 23. Qxe5 Rfe8 24. Qf4 Ra5 25. e5 Nd5 26. Qc4 Qd7 27. b4 Rb5 28. Rd1 Rxe5 29. Rxa4 g6 30. Ra8+ Kg7 31. Ra5 Nb6 32. Qc3 Qc8 33. Bc6 f6 34. Ra7+ 1-0